000 00412nam a2200157Ia 4500
008 210719s1966 xx 000 0 und d
041 _aeng
082 _a973.3 DORA
100 _aDORSON (Richard M)
245 _aAmerica rebels narratives of the patriots.
260 _aNew York.
_bFawcett Publications, Inc.,
_c1966
300 _axii,383
_bPB
365 _cRs
650 _aAmerican History
906 _aUSA
999 _c212749
_d212749